MARC details
| 000 -LEADER |
| fixed length control field |
01388cam a2200253 4500 |
| 001 - CONTROL NUMBER |
| control field |
6366 |
| 010 ## - LIBRARY OF CONGRESS CONTROL NUMBER |
| LC control number |
2015010773 |
| 020 ## - INTERNATIONAL STANDARD BOOK NUMBER |
| International Standard Book Number |
9780770436438 (hardcover) |
| 100 1# - MAIN ENTRY--PERSONAL NAME |
| Personal name |
Marra, Anthony. |
| Relator term |
|
| 245 14 - TITLE STATEMENT |
| Title |
The tsar of love and techno : |
| Remainder of title |
stories / |
| Statement of responsibility, etc. |
Anthony Marra. |
| 250 ## - EDITION STATEMENT |
| Edition statement |
First edition. |
| 264 #1 - PRODUCTION, PUBLICATION, DISTRIBUTION, MANUFACTURE, AND COPYRIGHT NOTICE |
| Place of production, publication, distribution, manufacture |
London ; |
| -- |
New York : |
| Name of producer, publisher, distributor, manufacturer |
Hogarth, |
| Date of production, publication, distribution, manufacture, or copyright notice |
[2015] |
| 300 ## - PHYSICAL DESCRIPTION |
| Extent |
332 pages ; |
| Dimensions |
22 cm |
| 336 ## - CONTENT TYPE |
| Content type term |
text |
| Source |
rdacontent |
| 337 ## - MEDIA TYPE |
| Media type term |
unmediated |
| Source |
rdamedia |
| 338 ## - CARRIER TYPE |
| Carrier type term |
volume |
| Source |
rdacarrier |
| 505 ## - FORMATTED CONTENTS NOTE |
| Formatted contents note |
Side A. The leopard : Leningrad, 1937 -- Granddaughters : Kirovsk, 1937-2013 -- The Grozny tourist bureau : Grozny, 2003 -- A prisoner of the Caucasus : Chechen Highlands, 2000 -- Intermission. The tsar of love and techno : St. Petersburg, 2010, Kirovsk, 1990s -- Side B. Wolf of White Forest : Kirovsk, 1999 -- Palace of the People : St. Petersburg, 2001 -- A temporary exhibition : St. Petersburg, 2011-2013 -- The end : outer space, year unknown. |
| Miscellaneous information |
|
| Statement of responsibility |
|
| Title |
|
| 520 ## - SUMMARY, ETC. |
| Summary, etc. |
A collection of interwoven tales explores themes of family, sacrifice, war, and the redemptive power of art. |
| 650 ## - SUBJECT ADDED ENTRY--TOPICAL TERM |
| Topical term or geographic name entry element |
Art, Russian -- Fiction. |
| Form subdivision |
|
| General subdivision |
|
| Chronological subdivision |
|
| Geographic subdivision |
|
| Source of heading or term |
|
|
| Topical term or geographic name entry element |
Censorship -- Soviet Union -- Fiction. |
| Form subdivision |
|
| General subdivision |
|
| Chronological subdivision |
|
| Geographic subdivision |
|
| Source of heading or term |
|
|
| Topical term or geographic name entry element |
Russia (Federation) -- Social conditions -- Fiction. |
| Form subdivision |
|
| General subdivision |
|
| Chronological subdivision |
|
| Geographic subdivision |
|
| Source of heading or term |
|
|
| Topical term or geographic name entry element |
Short stories. |
| Form subdivision |
|
| General subdivision |
|
| Chronological subdivision |
|
| Geographic subdivision |
|
| Source of heading or term |
|
|
| Topical term or geographic name entry element |
Soviet Union -- Social conditions -- Fiction. |
| Form subdivision |
|
| General subdivision |
|
| Chronological subdivision |
|
| Geographic subdivision |
|
| Source of heading or term |
|